| 000 | 00626cam a2200205 i 4500 | ||
|---|---|---|---|
| 001 | 20362596 | ||
| 005 | 20260416152332.0 | ||
| 008 | 180220s2017 gh k b 001 0 eng | ||
| 020 | _a9789964635091 | ||
| 050 | 0 | 0 | _aKRX658 |
| 100 | 1 |
_aAdjei, Dennis Dominic, _eauthor. |
|
| 245 | 1 | 0 |
_aLand law, practice and conveyancing in Ghana / _cby Dennis Dominic Adjei. |
| 250 | _aSecond edition. | ||
| 260 |
_aAccra _bAdwinsa publications ltd _cc2017 |
||
| 300 |
_axxxvi, 494 pages : _bforms ; _c25 cm |
||
| 500 | _aincludes index | ||
| 650 | 0 |
_aReal property _zGhana. |
|
| 650 | 0 |
_aConveyancing _zGhana. |
|
| 942 |
_2lcc _cBK _e2nd edi _n0 |
||
| 999 |
_c9236 _d9236 |
||